ប្រជុំរឿងព្រេងខ្មែរ : (Record no. 6644)
[ view plain ]
| 000 -LEADER | |
|---|---|
| fixed length control field | 02660nam a22002417a 4500 |
| 001 - CONTROL NUMBER | |
| control field | 6644 |
| 003 - CONTROL NUMBER IDENTIFIER | |
| control field | FISKH |
| 005 - DATE AND TIME OF LATEST TRANSACTION | |
| control field | 20250516165229.0 |
| 008 - FIXED-LENGTH DATA ELEMENTS--GENERAL INFORMATION | |
| fixed length control field | 250516b cb ||||| |||| 00| 0 eng d |
| 040 ## - CATALOGING SOURCE | |
| Original cataloging agency | FISKH |
| Language of cataloging | khr |
| Transcribing agency | FISKH |
| Modifying agency | FISKH |
| 082 ## - DEWEY DECIMAL CLASSIFICATION NUMBER | |
| Classification number | 398.209596 |
| 100 ## - MAIN ENTRY--PERSONAL NAME | |
| Personal name | Anonymous |
| 245 ## - TITLE STATEMENT | |
| Title | ប្រជុំរឿងព្រេងខ្មែរ : |
| Remainder of title | ទាក់ទងដើមកំនើតប្រវត្តិសាស្រ្តនិងភូមិសាស្រ្តនៃប្រទេសកម្ពុជា ភាគ៥ / |
| Statement of responsibility, etc. | ក្រុមជំនុំទំនៀមទម្លាប់ខ្មែរ |
| 250 ## - EDITION STATEMENT | |
| Edition statement | បោះពុម្ណលើកទី៣ |
| 260 ## - PUBLICATION, DISTRIBUTION, ETC. | |
| Place of publication, distribution, etc. | ភ្នំពេញ : |
| Name of publisher, distributor, etc. | ក្រុមជំនុំទំនៀមទម្លាប់ខ្មែរ , |
| 300 ## - PHYSICAL DESCRIPTION | |
| Extent | 135 pages : |
| Other physical details | illustrations ; |
| Dimensions | 20 cm . |
| 520 ## - SUMMARY, ETC. | |
| Summary, etc. | សៀវភៅ «ប្រជុំរឿងព្រេងខ្មែរ» គឺជាសៀវភៅបណ្តុំរឿងព្រេងបុរាណជាច្រើនដែលរួមបញ្ចូលរឿងនិទានពេញនិយមមកពីបងប្អូនជនរួមជាតិខ្មែរ។ សៀវភៅនេះត្រូវបានរៀបរៀងឡើងដោយ ក្រុមជំនុំទំនៀមទំលាប់ខ្មែរ ដើម្បីថែរក្សា និងផ្សព្វផ្សាយអរិយធម៌និងតម្លៃសង្គមខ្មែរតាមរយៈរឿងព្រេងប្រពៃណី។សៀវភៅនេះសមស្របសម្រាប់សិស្ស និស្សិត និងអ្នកស្រាវជ្រាវអំពីវប្បធម៌ខ្មែរ បំណងចង់ស្គាល់ពីបែបបទនៃរឿងព្រេងប្រជាជន និងស្នាដៃបុរាណខ្មែរ។ |
| 520 ## - SUMMARY, ETC. | |
| Summary, etc. | The book "Collection of Khmer Folktales" is a compilation of many traditional stories that includes popular folk narratives passed down by the Khmer people. This book was compiled by the Khmer Customs and Traditions Group with the aim of preserving and promoting Khmer culture and societal values through traditional folktales. It is well-suited for students, researchers, and anyone interested in Khmer culture who wish to learn about the forms of traditional folklore and the literary heritage of the Cambodian people. |
| 650 ## - SUBJECT ADDED ENTRY--TOPICAL TERM | |
| Topical term or geographic name entry element | រឿងព្រេងខ្មែរ |
| 650 ## - SUBJECT ADDED ENTRY--TOPICAL TERM | |
| Topical term or geographic name entry element | Khmer Folklore |
| 942 ## - ADDED ENTRY ELEMENTS (KOHA) | |
| Source of classification or shelving scheme | Dewey Decimal Classification |
| Koha item type | Khmer Books |
| Suppress in OPAC | No |
| Withdrawn status | Lost status | Source of classification or shelving scheme | Damaged status | Not for loan | Collection | Home library | Current library | Shelving location | Date acquired | Total Checkouts | Full call number | Barcode | Date last seen | Price effective from | Koha item type |
|---|---|---|---|---|---|---|---|---|---|---|---|---|---|---|---|
| Dewey Decimal Classification | Khmer Language Books / សៀវភៅភាសាខ្មែរ | Footprints International School Library Network Toul Tom Poung Campus | Footprints International School Library Network Toul Tom Poung Campus | TTP Secondary Khmer Bookshelves | 05/16/2025 | ANO 398.209596 | FIS05459 | 05/16/2025 | 05/16/2025 | Khmer Books |
